Deadpool se žení /

Hlavní autor: Duggan, Gerry
Další autoři: Posehn, Brian, 1966-, Hawthorne, Mike, Koblish, Scott, Šmíd, Darek, 1977-, Liefeld, Rob, 1967-, Nicieza, Fabian, 1961-
Jazyk: Čeština
Vydáno: [Praha] : Crew s.r.o., 2018
Vydání: První vydání
Edice: Světové komiksy česky
Témata:
Fyzický popis: 168 nečíslovaných stran : barevné ilustrace ; 26 cm
Knihy
Uloženo v:
LEADER 01836nam a2200505 i 4500
001 nkc20182981452
003 CZ PrNK
005 20180410083236.0
007 ta
008 180222s2018 xr a g 6 000 1 cze
015 |a cnb002981452 
020 |a 978-80-7449-528-1  |q (brožováno) :  |c Kč 379,00 
035 |a (OCoLC)1031053299 
040 |a BOA001  |b cze  |e rda 
041 1 |a cze  |h eng 
072 7 |a 821-1/-8  |x Literatura různých forem a žánrů  |2 Konspekt  |9 25 
080 |a 821-312.5  |2 MRF 
080 |a (084.1)  |2 MRF 
100 1 |a Duggan, Gerry  |7 xx0201625  |4 aut 
245 1 0 |a Deadpool se žení /  |c scénář Gerry Duggan a Brian Posehn ; kresba Mike Hawthorne a Scott Koblish ; překlad Darek Šmíd 
250 |a První vydání 
264 1 |a [Praha] :  |b Crew s.r.o.,  |c 2018 
300 |a 168 nečíslovaných stran :  |b barevné ilustrace ;  |c 26 cm 
336 |a text  |b txt  |2 rdacontent 
336 |a statický obraz  |b sti  |2 rdacontent 
337 |a bez média  |b n  |2 rdamedia 
338 |a svazek  |b nc  |2 rdacarrier 
490 1 |a Světové komiksy česky 
500 |a Přeloženo z angličtiny? 
500 |a "Deadpoola stvořili Rob Liefeld a Fabian Nicieza" 
500 |a Na hřbetu označení: 5 
655 7 |a komiksy  |7 fd131978  |2 czenas 
655 9 |a comics  |2 eczenas 
700 1 |a Posehn, Brian,  |d 1966-  |7 xx0201624  |4 aut 
700 1 |a Hawthorne, Mike  |7 jo2017940086  |4 ill 
700 1 |a Koblish, Scott  |7 xx0201630  |4 ill 
700 1 |a Šmíd, Darek,  |d 1977-  |7 xx0103109  |4 trl 
700 1 |a Liefeld, Rob,  |d 1967-  |7 xx0213650  |4 ant 
700 1 |a Nicieza, Fabian,  |d 1961-  |7 xx0187268  |4 ant 
830 0 |a Světové komiksy česky  |0 s 
910 2 |a BOA001  |b 3-1403.696 
990 |a BK 
995 |a 01 
991 |b 201803  |c NOV 
996 6 |b 2610735903  |c 3-1403.696  |l MZK  |r Sklad / do 1 hodiny  |n 3  |p p.v.  |w 001653701  |u 000010  |a 1  |e BOA001  |j MZK50  |s P